Monetárna úloha zlata v modernej histórií a alternatíva opätovného využitia zlata v monetárnom systéme bakalárska práca

Salvato in:
Dettagli Bibliografici
Autore principale: Šnegoňová, Tatiana
Ente Autore: Obchodná fakulta EU. Katedra medzinárodného obchodu
Altri autori: Turan, Alexander
Natura: Libro
Lingua:slovacco
Pubblicazione: Bratislava 2012
Tags: Aggiungi Tag
Nessun Tag, puoi essere il primo ad aggiungerne!!

MARC

LEADER 00000nbm a2200000 4500
001 0154282
005 20161109111832.5
041 0 |a slo 
044 |a SK 
245 1 0 |a Monetárna úloha zlata v modernej histórií a alternatíva opätovného využitia zlata v monetárnom systéme  |b bakalárska práca  |c Tatiana Šnegoňová ; školiteľ: Alexander Turan 
264 1 |a Bratislava  |c 2012 
300 |a 58 s. 
100 1 |a Šnegoňová, Tatiana 
700 1 |a Turan, Alexander 
710 2 |a Obchodná fakulta EU. Katedra medzinárodného obchodu